|
|
|
|
| LEADER |
01171nam a2200265 a 4500 |
| 001 |
35728 |
| 008 |
091123s1994 nyua b 000 0 eng d |
| 020 |
|
|
|a 0195635892
|
| 020 |
|
|
|a 0195091701
|
| 040 |
|
|
|a RNA
|c RNA
|d ICD
|
| 082 |
0 |
0 |
|a 338.9005
|2 21
|
| 245 |
0 |
0 |
|a Human development report 1994 /
|c United Nations Development Programme.
|
| 260 |
|
|
|a New York :
|b Oxford University Press for the (UNDP),
|c 1994.
|
| 300 |
|
|
|a xi, 226 p. :
|b ill.(some col.);
|c 28 cm.
|
| 504 |
|
|
|a Bibliography: p. 111-116.
|
| 541 |
1 |
|
|e 00006200
|
| 650 |
|
0 |
|a Economic development
|x Social aspects.
|
| 650 |
|
0 |
|a Human capital.
|
| 650 |
|
0 |
|a Manpower policy
|z Developing countries.
|
| 651 |
|
0 |
|a Developing countries.
|
| 710 |
2 |
|
|a United Nations Development Programme.
|
| 852 |
4 |
|
|a Ayesha Abed Library
|j General Shelf.
|
| 999 |
|
|
|c 5794
|d 5794
|
| 952 |
|
|
|0 0
|1 0
|2 ddc
|4 0
|6 338_900500000000000_HUM_1994
|7 0
|9 5747
|a BRACUL
|b BRACUL
|c GEN
|d 2009-11-23
|g 0.00
|l 0
|o 338.9005 HUM
|p 3010006200
|r 2009-11-23
|t 1
|w 2009-11-23
|y BK
|x No price found in the accession register.
|
| 952 |
|
|
|0 0
|1 0
|2 ddc
|4 0
|6 338_900500000000000_HUM
|7 0
|9 43066
|a SCL
|b SCL
|c GEN
|d 2005-12-20
|l 0
|o 338.9005 HUM
|p 3020006125
|r 2014-07-09
|t 2
|w 2014-07-09
|y BK
|